00000000cam 2200000zi 4500
0019.957399
003CaOODSP
00520260528135322
006m     o  d f      
007cr cn|||||||||
008251118t20252025oncao   o    f000 0 eng d
020 |a9780660797748
040 |aCaOODSP|beng|erda|cCaOODSP
043 |an-cn---
0861 |aT94-106/2025E-PDF
24502|aA place where we can breathe, heal, and belong : |bwhat women, Two Spirit, Trans, and gender-diverse people of all origins told the Neha Review Panel about their right to safe, adequate, and affordable housing.
24610|aWhat women, Two Spirit, Trans, and gender-diverse people of all origins told the Neha Review Panel about their right to safe, adequate, and affordable housing
24617|aNeha Review Panel
24617|aWhat we heard
264 1|aOttawa, Ontario : |bHousing, Infrastructure and Communities Canada, |c2025.
264 4|c©2025
300 |a1 online resource (60 pages) : |billustrations, photographs
336 |atext|btxt|2rdacontent
337 |acomputer|bc|2rdamedia
338 |aonline resource|bcr|2rdacarrier
500 |aCover title.
500 |aIssued also in French under title: Un endroit où nous pouvons respirer, guérir et avoir notre place : ce que des femmes et des personnes bispirituelles, transgenres et issues de la diversité de genre de toutes origines ont dit à la commission d'examen  Neha au sujet de leur droit à un logement sûr, suffisant et abordable.
520 |a"Canada is in the midst of a profound national housing emergency. This emergency is especially acute for women, Two Spirit, Trans, and gender-diverse people - and even more so for those who experience racism, ableism, homophobia, transphobia, and other forms of oppression in addition to sexism"--Page 6.
650 0|aHousing policy|zCanada|xCitizen participation.
650 0|aWomen|xHousing|xServices for|zCanada.
650 0|aTwo-spirit people|xHousing|xServices for|zCanada.
650 0|aTrans people|xHousing|xServices for|zCanada.
7101 |aCanada. |bHousing, Infrastructure and Communities Canada, |eissuing body.
77508|tUn endroit où nous pouvons respirer, guérir et avoir notre place : |w(CaOODSP)9.957400
85640|qPDF|s23.0 MB|uhttps://publications.gc.ca/collections/collection_2026/licc-hicc/T94-106-2025-eng.pdf